Carregant...

പുരുഷാന്തരങ്ങളിലൂടെ / യാത്രാവിവരണം

Dades bibliogràfiques
Autor principal: രാമവര്‍മ്മ, വയലാര്‍
Altres autors: Ramavarma, Vayalar
Format: Printed Book
Idioma:English
Publicat: കൊല്ലം : സങ്കീര്‍ത്തനം പബ്ലിക്കേഷന്‍സ്, 1959(2012)
Matèries:
LEADER 00826nam a22001697a 4500
008 130902b xxu||||| |||| 00| 0 eng d
999 |c 3151  |d 3151 
082 |a 915.4   |b RAM 
100 |a രാമവര്‍മ്മ, വയലാര്‍.  |9 24 
240 |a Purushantharangaliloode 
245 |a പുരുഷാന്തരങ്ങളിലൂടെ /  |b യാത്രാവിവരണം  |c വയലാര്‍ രാമവര്‍മ്മ 
260 |a കൊല്ലം :  |b സങ്കീര്‍ത്തനം പബ്ലിക്കേഷന്‍സ്,  |c 1959(2012) 
300 |a 56p. 
650 |a Travelogue 
700 |a Ramavarma, Vayalar. 
942 |2 ddc  |c BK 
952 |0 0  |1 0  |2 ddc  |4 0  |6 808_803200000000000_RAM  |7 0  |9 3845  |a MAIN  |b MAIN  |d 2013-09-02  |e D.C. Books, Kottayam  |g 40.00  |o 808.8032 RAM  |p 4222  |r 2013-09-02  |w 2013-09-02  |y BK